000 02129cam a2200433 i 4500
001 768714001
003 CO-MdFUSB
005 20260429153943.0
007 ta
008 221029t2017 ec ||||| |||| 001 0 spa d
020 _a978-9942-949-12-7
040 _bspa.
_aCO-MdFUSB
_cCO-MdFUSB
_dCO-MdFUSBC
_erda
041 _aspa
082 0 4 _223
_a284
_bR616
100 _aRivadeneira, Ronald
_eautor
245 1 0 _aCon sed por lo sagrado :
_bhacia una reforma en la Iglesia Evangélica Ecuatoriana. Recursos para la reflexión y la acción
_c/ Ronald Rivadeneira , Wilmer Simbaña , Eduardo Vega , Mauricio Carpio ; compilado y dirigido por Iván Balarezo
264 1 _bSociedades Bíblicas Unidas en Ecuador,
_aQuito, Ecuador :
_c[2017]
264 4 _c©2017
300 _a78 páginas
_c; 21 cm
336 _2rdacontent
_atexto
_btxt
337 _2rdamedia
_asin mediación
_bn
338 _2rdacarrier
_avolumen
_bnc
500 _aIncluye índice general.
505 _aUn contexto necesario: ¿por qué hace falta una nueva reforma en las iglesias evangélicas hoy? -- El liderazgo evangélico actual: ¿a dónde vamos? -- La iglesia-empresa: ¿qué vendrá luego? -- La importancia de la educación cristiana en la construcción de la fe -- El cerco de la denominación -- Discursos y dispositivos de dominación e iglesia -- Supersticiones y fetiches en la fe -- Con la mirada en el cielo, pero con los pies en la tierra -- La centralidad de la Biblia en el culto -- ¿Sal de la sociedad o gueto religioso?: el desafío de la incidencia social -- Cuidado de la creación y fe.
563 _aRústico
650 0 _aReforma de la iglesia
_9958
650 0 _aHistoria de la Iglesia
_9153
653 _aIglesia Evangélica – Ecuador
653 _aLiderazgo cristiano
653 _aReforma de la Iglesia
653 _aIglesia y sociedad
653 _aEducación cristiana
700 _aSimbaña, Wilmer
_911370
_eautor
700 _aVega, Eduardo
_911371
_eautor
700 _aCarpio, Mauricio
_911372
_eautor
700 _aBalarezo, Iván
_911239
_ecompilador
942 _cBK
945 _aCatherine Arias Alvarez
999 _c71288
_d71288